[Event "Mumbai Mayors Cup 1st"]
[Site "Mumbai"]
[Date "2008.05.17"]
[Round "9"]
[White "Dishen Singh, Y."]
[Black "Paramasivam, M."]
[Result "0-1"]
[WhiteElo "1969"]
[BlackElo "2131"]
[PlyCount "78"]
[EventDate "2008.05.11"]
[EventType "swiss"]
[EventRounds "11"]
[EventCountry "IND"]
[SourceTitle "CBM 124 Extra"]
[Source "ChessBase"]
[SourceDate "2008.07.03"]
[SourceVersion "1"]
[SourceVersionDate "2008.07.03"]
[SourceQuality "1"]

1. e4 e5 2. Nf3 Nc6 3. Bc4 Bc5 4. c3 Nf6 5. 0-0 d6 6. d4 exd4 7. cxd4 Bb6 8. Bg5 0-0 9. Nc3 Bg4 10. Nd5 Bxd4 11. h3 Bxf3 12. Qxf3 h6 13. Bh4 g5 14. Bg3 Kg7 15. Ne3 Bxe3 16. Qxe3 Qe7 17. Rae1 Ne5 18. Bb3 Nh5 19. f4 gxf4 20. Bxf4 Nxf4 21. Rxf4 Qg5 22. Ref1 c5 23. Bd5 Rad8 24. Qc3 Kh7 25. Rf5 Qg7 26. R1f4 Rd7 27. Rf6 Re7 28. Qc2 b5 29. Qe2 Nd7 30. e5 Nxf6 31. Rxf6 Qxf6 32. Qd3+ Qg6 33. Be4 f5 34. Qf3 Rxe5 35. Bc2 Rg8 36. g4 h5 37. Qb7+ Rg7 38. Qxb5 hxg4 39. h4 Qe6 0-1

[Event "Mumbai Mayors Cup 1st"]
[Site "Mumbai"]
[Date "2008.05.14"]
[Round "5"]
[White "Thipsay, Bagyashree Sathe"]
[Black "Dishen Singh, Y."]
[Result "1-0"]
[WhiteElo "2193"]
[BlackElo "1969"]
[PlyCount "119"]
[EventDate "2008.05.11"]
[EventType "swiss"]
[EventRounds "11"]
[EventCountry "IND"]
[SourceTitle "CBM 124 Extra"]
[Source "ChessBase"]
[SourceDate "2008.07.03"]
[SourceVersion "1"]
[SourceVersionDate "2008.07.03"]
[SourceQuality "1"]

1. e4 e5 2. Nf3 Nc6 3. Bb5 a6 4. Ba4 Bc5 5. c3 b5 6. Bb3 Qf6 7. d3 h6 8. Be3 d6 9. Nbd2 Nge7 10. Bd5 Nxd5 11. exd5 Ne7 12. Bxc5 dxc5 13. c4 Bg4 14. Qe2 Ng6 15. Qe3 0-0 16. Ne4 Qb6 17. Qxc5 Nf4 18. Qxb6 cxb6 19. Kd2 f5 20. Nc3 e4 21. Ne5 b4 22. Na4 exd3 23. g3 Nh3 24. Nxd3 b5 25. Nb6 Rad8 26. c5 Bf3 27. d6 Bxh1 28. Rxh1 Ng5 29. d7 Rf6 30. Nd5 Rxd7 31. Nxf6+ gxf6 32. c6 Rc7 33. Nxb4 Kf7 34. Rc1 a5 35. Nd5 Rc8 36. Nb6 Rc7 37. Nd5 Rc8 38. c7 Ne6 39. Rc6 h5 40. f4 b4 41. Kd3 a4 42. Kc4 b3 43. a3 h4 44. Kb4 hxg3 45. hxg3 Nd4 46. Rxf6+ Kg7 47. Rd6 Kf7 48. Kc5 Ne6+ 49. Kb6 Nxc7 50. Nxc7 Rh8 51. Rd4 Rh2 52. Rxa4 Rxb2 53. Rb4 Rb1 54. a4 Ke7 55. a5 b2 56. a6 Kd7 57. a7 Rc1 58. a8Q b1Q 59. Qe8+ Kd6 60. Qe6# 1-0